The encyclopedia of islam, prepared by a number of leading orientalists (Record no. 570529)
[ view plain ]
| 000 -LEADER | |
|---|---|
| fixed length control field | 00528nam a22001817a 4500 |
| 003 - CONTROL NUMBER IDENTIFIER | |
| control field | CEME |
| 005 - DATE AND TIME OF LATEST TRANSACTION | |
| control field | 20210628202643.0 |
| 008 - FIXED-LENGTH DATA ELEMENTS--GENERAL INFORMATION | |
| fixed length control field | 210119b xxu||||| |||| 00| 0 eng d |
| 040 ## - CATALOGING SOURCE | |
| Transcribing agency | ceme |
| 082 ## - DEWEY DECIMAL CLASSIFICATION NUMBER | |
| Classification number | 297.03 ENC |
| 100 ## - MAIN ENTRY--PERSONAL NAME | |
| Personal name | Bearman, P.J Bianquis, Th |
| 9 (RLIN) | 60931 |
| 245 ## - TITLE STATEMENT | |
| Title | The encyclopedia of islam, prepared by a number of leading orientalists |
| 250 ## - EDITION STATEMENT | |
| Edition statement | NEW EDITION |
| 260 ## - PUBLICATION, DISTRIBUTION, ETC. | |
| Place of publication, distribution, etc. | NETHERLANDS |
| Name of publisher, distributor, etc. | E.J.BRILL |
| Date of publication, distribution, etc. | 2000 |
| 300 ## - PHYSICAL DESCRIPTION | |
| Extent | 6-11VOLS |
| 650 ## - SUBJECT ADDED ENTRY--TOPICAL TERM | |
| Topical term or geographic name entry element | ISLAM-ENCYCLOPEDIA. ENCYCLOPEDIA OF ISLAM |
| 9 (RLIN) | 60932 |
| 942 ## - ADDED ENTRY ELEMENTS (KOHA) | |
| Koha item type | Book |
| Source of classification or shelving scheme | |
| Withdrawn status | Lost status | Damaged status | Not for loan | Permanent Location | Current Location | Shelving location | Date acquired | Total Checkouts | Full call number | Barcode | Date last seen | Price effective from | Koha item type |
|---|---|---|---|---|---|---|---|---|---|---|---|---|---|
| College of Electrical & Mechanical Engineering (CEME) | College of Electrical & Mechanical Engineering (CEME) | Reference | 07/20/2017 | 297.03 ENC | CEME-38246 | 06/28/2021 | 06/28/2021 | Book | |||||
| College of Electrical & Mechanical Engineering (CEME) | College of Electrical & Mechanical Engineering (CEME) | Reference | 07/20/2017 | 297.03 ENC | CEME-38247 | 06/28/2021 | 06/28/2021 | Book | |||||
| College of Electrical & Mechanical Engineering (CEME) | College of Electrical & Mechanical Engineering (CEME) | Reference | 07/20/2017 | 297.03 ENC | CEME-38248 | 06/28/2021 | 06/28/2021 | Book | |||||
| College of Electrical & Mechanical Engineering (CEME) | College of Electrical & Mechanical Engineering (CEME) | Reference | 07/20/2017 | 297.03 ENC | CEME-38249 | 06/28/2021 | 06/28/2021 | Book | |||||
| College of Electrical & Mechanical Engineering (CEME) | College of Electrical & Mechanical Engineering (CEME) | Reference | 07/20/2017 | 297.03 ENC | CEME-38250 | 06/28/2021 | 06/28/2021 | Book | |||||
| College of Electrical & Mechanical Engineering (CEME) | College of Electrical & Mechanical Engineering (CEME) | Reference | 07/20/2017 | 297.03 ENC | CEME-38251 | 06/28/2021 | 06/28/2021 | Book | |||||
| College of Electrical & Mechanical Engineering (CEME) | College of Electrical & Mechanical Engineering (CEME) | Reference | 07/20/2017 | 297.03 ENC | CEME-44988 | 06/28/2021 | 06/28/2021 | Book |
